000 00554nam a22001697a 4500
008 161116b xxu||||| |||| 00| 0 eng d
020 _a978-93-515-0730-7
082 _22016
_aDC 658.3125
_bR18
100 _917491
_aRao, T.V.
_eauthor.
245 _aPerformance management:
_btoward organizational excellence/
_cT.V. Rao.
250 _a2nd edition.
260 _aLos Angeles:
_bSage,
_cc2016.
300 _axxi, 298 pages;
_c22 cm.
500 _aIncludes bibliographical references and index.
650 0 _917490
_aPerformance management.
942 _2ddc
_cDC
999 _c5706
_d5706